İzmir İl Testi - Statistics

General Stats
  • This quiz has been taken 42 times
  • The average score is 15 of 19
Answer Stats
Question Answer % Correct
Hangi ünlü antik kent İzmir'de yer almaktadır? Efes Antik Kenti
100%
İzmir hangi bölgede yer almaktadır? Ege Bölgesi
100%
İzmir'in plaka kodu kaçtır? 35
97%
Aşağıdaki ilçelerden hangisi İzmir'e bağlıdır? Konak
97%
Aşağıdaki yiyeceklerden hangisi İzmir'e aittir? Boyoz
94%
İzmir'in en meşhur tarihi pazar yeri hangisidir? Kemeraltı Çarşısı
94%
İzmir'in eski adı nedir? Smyrna
94%
İzmir Türkiye'nin en büyük kaçıncı şehridir? 3.
91%
İzmir'in alışveriş noktası olan ve tarihi liman bölgesi olarak bilinen yer neresidir? Alsancak
88%
İzmir'in nüfusu kaçtır? 3.000.000-5.000.000
85%
Aşağıdaki kalelerden hangisi İzmir'de yer almaktadır? Kadifekale
82%
İzmir'in simgelerinden biri olan saat kulesi hangi meydanda yer almaktadır? Konak Meydanı
82%
İzmir'in kaç tane ilçesi vardır? 30
65%
İzmir'in meşhur tatlısı hangisidir? Lokma
65%
İzmir Körfezi’nin çevresindeki en önemli sanayi ve liman bölgesi hangisidir? Aliağa
62%
Aşağıdaki ünlülerden hangisi İzmir'de doğmuştur? Sezen Aksu
56%
İzmir'in en kalabalık ilçesi hangisidir? Karabağlar
50%
İzmir’in doğal güzelliklerinden biri olan ve su sporlarının yapıldığı yarımada hangisidir? Çeşme
47%
İzmir'e bir yılda ortalama kaç turist gelmektedir? 1.500.000-2.000.000
38%
No matching quizzes found
Score Distribution
Percent of People with Each Score
Percentile by Number Answered
Your Score History
You have not taken this quiz